| 000 | 00873nam a2200265Ia 4500 | ||
|---|---|---|---|
| 003 | OSt | ||
| 005 | 20220930092846.0 | ||
| 006 | a|||||r|||| 00| 0 | ||
| 007 | ta | ||
| 008 | 220926b |||||||| |||| 00| 0 eng d | ||
| 024 | _a25424 | ||
| 037 | _cTheses | ||
| 040 |
_aCRL _cCRL _beng |
||
| 041 |
_2eng _aeng |
||
| 100 |
_aRajni _9374126 |
||
| 110 |
_aUnivesity OF Delhi. Faculty OF Mediacl Sciences. Department OF Ophthalmology _9549877 |
||
| 245 | 0 | _aStudy of efficacy of diode laser punctal therapy for the treatment of dry eye | |
| 260 | _c2014 | ||
| 650 |
_aEYE - DISEASES _9197938 |
||
| 700 |
_a Dr. Rajiv Garg Gu. _9532998 |
||
| 700 | _a Dr. Sarita Beri Gu. | ||
| 700 |
_aUnivesity OF Delhi. Faculty OF Mediacl Sciences. Department OF Ophthalmology _9549878 |
||
| 942 |
_cDIS _2CC |
||
| 999 |
_c884404 _d884404 |
||